000 00333nam a2200133Ia 4500
005 20260328104254.0
008 260328s9999||||xx |||||||||||||| ||und||
100 _aRoth, Manuela
245 0 _aMaster & Their Pieces /
_cManuela Roth
260 _bBraun
300 _a318 p.
650 _aDISEÑO INDUSTRIAL - ELEMENTOS
942 _cBK
999 _c10367
_d10367